<?xml version="1.0" encoding="UTF-8"?>
<collection xmlns="http://www.loc.gov/MARC21/slim">
 <record>
  <leader>00813nmm a2200193   4500</leader>
  <controlfield tag="001">1/33153</controlfield>
  <controlfield tag="008">070820s2004    gr     f   ba       gre  </controlfield>
  <datafield tag="035" ind1=" " ind2=" ">
   <subfield code="l">35561</subfield>
  </datafield>
  <datafield tag="040" ind1=" " ind2=" ">
   <subfield code="a">GR-PeUP</subfield>
  </datafield>
  <datafield tag="082" ind1="0" ind2="0">
   <subfield code="a">CD-ROM 651.7'5 BUS</subfield>
  </datafield>
  <datafield tag="245" ind1="0" ind2="0">
   <subfield code="a">Business letters maker :</subfield>
   <subfield code="h">Αρχειο [Η/Υ].</subfield>
  </datafield>
  <datafield tag="260" ind1=" " ind2=" ">
   <subfield code="a">[s.n.] :</subfield>
   <subfield code="b">Tradetouch.com, Inc,</subfield>
   <subfield code="c">2004.</subfield>
  </datafield>
  <datafield tag="300" ind1=" " ind2=" ">
   <subfield code="a">1 οπτικός δίσκος Η/Υ :</subfield>
   <subfield code="b">έγχρ. ;</subfield>
   <subfield code="c">4 3/4 in.</subfield>
  </datafield>
  <datafield tag="520" ind1="0" ind2=" ">
   <subfield code="a">Business letters maker includes more than 1000 typical business letter templates.</subfield>
  </datafield>
  <datafield tag="538" ind1=" " ind2=" ">
   <subfield code="a">Ελάχιστες απαιτήσεις συστήματος: Windows 9X/ME/NT/2000/XP.</subfield>
  </datafield>
  <datafield tag="650" ind1=" " ind2="4">
   <subfield code="a">CD-ROMs.</subfield>
  </datafield>
  <datafield tag="650" ind1=" " ind2="4">
   <subfield code="a">Commercial correspondence</subfield>
   <subfield code="x">CD-ROMs.</subfield>
  </datafield>
  <datafield tag="650" ind1=" " ind2="4">
   <subfield code="a">Letter</subfield>
   <subfield code="x">writting</subfield>
   <subfield code="x">CD-ROMs.</subfield>
  </datafield>
  <datafield tag="852" ind1=" " ind2=" ">
   <subfield code="a">INST</subfield>
   <subfield code="b">UNIPILB</subfield>
   <subfield code="c">MMEDIA</subfield>
   <subfield code="e">20070823</subfield>
   <subfield code="h">CD-ROM 651.7'5 BUS</subfield>
   <subfield code="p">00153215</subfield>
   <subfield code="q">00153215</subfield>
   <subfield code="t">NOLOAN</subfield>
   <subfield code="y">23</subfield>
   <subfield code="4">1</subfield>
  </datafield>
 </record>
</collection>
